Being and some philosophers

Shranjeno v:
Bibliografske podrobnosti
Glavni avtor: Gilson, Étienne (autor)
Format: Knjiga
Jezik:angleščina
Izdano: Toronto Pontifical Institute of Mediaeval Studes 1952
Izdaja:2a. ed
Teme:
Oznake: Označite
Brez oznak, prvi označite!

MARC

LEADER 00000nam a2200000 a 4500
001 UCZ4172
003 CL-VaPUC
008 951106e19520000CN |||||||||||||||||eng|d
082 0 4 |a 110  |b GIL  |2 21 
100 |a Gilson, Étienne  |e autor  |9 349171 
245 1 0 |a Being and some philosophers 
250 |a 2a. ed 
300 |a 235 p 
942 |c BK 
945 |d 19951106 00:00:00  |a cmena 
260 |a Toronto  |b Pontifical Institute of Mediaeval Studes  |c 1952 
650 0 |a Metafísica  |9 265649 
650 0 |a Ontología   |9 256850 
650 7 |a SER  |2 CL-VaPUC  |9 320176 
650 0 |a Cognición   |9 270347 
650 0 |a Teoría del conocimiento   |9 255038 
650 0 |a Existencialismo  |9 265698 
583 |a last modification  |c 19951106 00:00:00  |k Rodrigo Vera 
999 |c 240589  |d 240587 
952 |0 0  |1 0  |4 0  |6 110_000000000000000_GIL_1952  |7 0  |8 P  |9 252544  |a BIBEDU  |b BIBEDU  |c BIBEDU_PB  |d 2019-11-18  |i 1593994  |o 110 GIL 1952  |p 1593994  |r 2024-01-25  |w 2019-11-18  |y BK  |k FIL